Trees. (Record no. 11529)
[ view plain ]
| 000 -LEADER | |
|---|---|
| fixed length control field | 00993cam a22003131 4500 |
| 001 - CONTROL NUMBER | |
| control field | agr55000002 |
| 003 - CONTROL NUMBER IDENTIFIER | |
| control field | DLC |
| 005 - DATE AND TIME OF LATEST TRANSACTION | |
| control field | 20260227111017.0 |
| 008 - FIXED-LENGTH DATA ELEMENTS--GENERAL INFORMATION | |
| fixed length control field | 730503s1949 dcuabc b f001 0 eng c |
| 010 ## - LIBRARY OF CONGRESS CONTROL NUMBER | |
| LC control number | agr55000002 |
| 035 ## - SYSTEM CONTROL NUMBER | |
| System control number | (OCoLC)615800 |
| 040 ## - CATALOGING SOURCE | |
| Original cataloging agency | U.S. Dept. of Agr. Libr. |
| Transcribing agency | OKentU |
| Modifying agency | OCoLC |
| -- | OUrC |
| -- | DNAL |
| -- | FSP |
| -- | OCoLC |
| -- | UU |
| -- | DLC |
| 042 ## - AUTHENTICATION CODE | |
| Authentication code | premarc |
| 050 00 - LIBRARY OF CONGRESS CALL NUMBER | |
| Classification number | S21 |
| Item number | .A35 1949 |
| 070 0# - NATIONAL AGRICULTURAL LIBRARY CALL NUMBER | |
| Classification number | 1 |
| Item number | Ag84Y 1949 |
| 072 0# - SUBJECT CATEGORY CODE | |
| Subject category code | F700 |
| -- | K100 |
| 082 ## - DEWEY DECIMAL CLASSIFICATION NUMBER | |
| Classification number | 634.90973 |
| 086 0# - GOVERNMENT DOCUMENT CLASSIFICATION NUMBER | |
| Classification number | A 1.10:949 |
| 110 1# - MAIN ENTRY--CORPORATE NAME | |
| Corporate name or jurisdiction name as entry element | United States. |
| Subordinate unit | Department of Agriculture. |
| 245 10 - TITLE STATEMENT | |
| Title | Trees. |
| 260 ## - PUBLICATION, DISTRIBUTION, ETC. | |
| Place of publication, distribution, etc. | Washington, |
| Name of publisher, distributor, etc. | U.S. Govt. Print. Off. |
| Date of publication, distribution, etc. | [1949] |
| 300 ## - PHYSICAL DESCRIPTION | |
| Extent | xiv, 944 p. |
| Other physical details | illus., port., maps. |
| Dimensions | 24 cm. |
| 490 1# - SERIES STATEMENT | |
| Series statement | Its Yearbook of agriculture, |
| Volume/sequential designation | 1949 |
| 504 ## - BIBLIOGRAPHY, ETC. NOTE | |
| Bibliography, etc. note | "For further reference": p. 901-910. |
| 500 ## - GENERAL NOTE | |
| General note | Includes index. |
| 650 #0 - SUBJECT ADDED ENTRY--TOPICAL TERM | |
| Topical term or geographic name entry element | Trees |
| Geographic subdivision | United States. |
| 650 #0 - SUBJECT ADDED ENTRY--TOPICAL TERM | |
| Topical term or geographic name entry element | Forests and forestry |
| Geographic subdivision | United States. |
| 830 #0 - SERIES ADDED ENTRY--UNIFORM TITLE | |
| Uniform title | Yearbook of agriculture (Washington, D.C. : 1926) ; |
| Volume/sequential designation | 1949. |
No items available.